| 000 | 00973nam a2200229Ia 4500 | ||
|---|---|---|---|
| 003 | Ost | ||
| 005 | 20260507075647.0 | ||
| 008 | 260507s9999||||xx |||||||||||||| ||und|| | ||
| 020 | _a5119910977 | ||
| 040 | _cfsecg | ||
| 041 | _aara | ||
| 082 | _a1.42 | ||
| 100 |
_aالوكيل، حلمي أحمد _eمؤلف |
||
| 245 | 0 |
_aتطوير المناهج : _bأسبابه وأسسه، خطواته ومعوقاته / _c حلمي أحمد الوكيل |
|
| 260 |
_aالقاهرة: _bدار الفكر العربي, _c1999 |
||
| 300 |
_a237 صفحة؛ _bإيضاحات ؛ _c24 سم |
||
| 520 | _aمفهوم التطوير- أساليب التطوير- أسس تطوير المنهج- خطوات التطوير- المصاعب والمعوقات التي تواجهها عملية التطوير- المراجع العربية- المراجع الأجنبية. | ||
| 653 | _aالتعليم | ||
| 653 | _aالمناهج | ||
| 653 | _aطرق البحث | ||
| 942 | _cكتاب | ||
| 999 |
_c45503 _d45503 |
||